[Event "EU-chT (Men) 18th"]
[Site "Porto Carras"]
[Date "2011.11.11"]
[Round "9.3"]
[White "Palac, Mladen"]
[Black "Bartel, Mateusz"]
[Result "0-1"]
[WhiteElo "2580"]
[BlackElo "2653"]
[Annotator "Mikhalchishin,A"]
[PlyCount "46"]
[EventDate "2011.11.03"]
[EventType "team-swiss"]
[EventRounds "9"]
[EventCountry "GRE"]
[SourceTitle "CBM 146"]
[Source "ChessBase"]
[SourceDate "2012.01.18"]
[SourceVersion "1"]
[SourceVersionDate "2012.01.18"]
[SourceQuality "1"]
[WhiteTeam "Croatia"]
[BlackTeam "Poland"]
[WhiteTeamCountry "CRO"]
[BlackTeamCountry "POL"]

1. e4 e5 2. Nf3 Nc6 3. Bb5 a6 4. Ba4 Nf6 5. O-O b5 6. Bb3 Bb7 7. c3 {The most
unpleasant and sharp variation for Black.} Nxe4 8. d4 exd4 ({I must honestly
say that as a top specialist of the Arkhangelsk, I don't see any problems in
the old line} 8... Na5 9. Nxe5 Nxb3 10. Qxb3 Nd6 11. a4 ({The direct attack
with} 11. c4 {is more principled:} bxc4 12. Nxc4 Nxc4 13. Qxb7 Be7 14. Bf4 O-O
15. Rc1 (15. Nc3) 15... Bd6 16. Rxc4 Bxf4 17. Qf3 Qg5 $146 (17... Bd6) 18. Nc3
Rae8 19. g3 Bc1 20. Ne4 Rxe4 21. Raxc1 Rxd4 22. Rxc7 $11 {Borisek,J (2495)
-Beliavsky,A (2626)/Slovenija 2006}) 11... Be7 12. Re1 (12. Na3 O-O 13. Bf4 Rb8
14. axb5 axb5 15. Nc2 Nf5 $11) 12... O-O 13. Nd2 (13. Bf4 Bg5 14. Bg3 Bh4 15.
Bxh4 Qxh4 16. Nd2 Bxg2 $1 17. Kxg2 Qg5+ 18. Kf1 Qxd2 19. Nxd7 Rfe8 20. Ne5 $13)
13... Rb8 14. axb5 axb5 15. Nf1 (15. Ndf3 Kh8 {/\ f6}) 15... Re8 $5 $146 16.
Bf4 Bf8 (16... Bf6 $5 {/\ Re6}) 17. Ra7 (17. Ne3 Ra8 $1 {/\ Re6}) 17... Nc4 $5
18. Nd3 (18. Nxf7 $5 Kxf7 19. Rxe8 Qxe8 20. Qxb5 Qe4 21. Qxc4+ Ke8 22. Rxb7 (
22. f3 $2 Qxf4 23. Qb3 Qf7 24. c4 Qf4 25. Rxb7 Qxd4+ 26. Kh1 Ra8 27. Rb8+ Rxb8
28. Qxb8+ Kf7 29. Qa8 $8 Qxc4 30. Qa1 d5 $17) 22... Rxb7 23. Qa2 c5 24. Be3 $14
) 18... Bd5 {Hansen,S (2551)-Beliavsky,A (2667)/Deutschland 2004; with unclear
play.}) 9. Re1 d5 10. Ng5 ({The capture of the pawn} 10. Nxd4 {is much less
principled:} Nxd4 11. Qxd4 c5 12. Qe5+ Qe7 13. Qh5 (13. Qxe7+ Bxe7 14. f3 Nf6
15. Be3 Kd7) 13... c4 14. Bc2 g6 15. Qd1 Qe5 16. f3 Bc5+ 17. Be3 Bxe3+ 18. Rxe3
O-O-O 19. fxe4 dxe4 20. Qe2 f5 21. Nd2 Rhe8 22. Kh1 Kb8 23. Qf2 Qd6 24. Nf1 f4
25. Rh3 e3 26. Qe2 Rd7 27. a4 Qe6 28. Kg1 Qb6 29. axb5 Rd2 30. Nxd2 exd2+ 31.
Qf2 Re1+ {0-1 Ali Marandi,C (2149)-Karpatchev,A (2476)/Istanbul TUR 2010}) ({
Nothing promises} 10. Nbd2) 10... Qf6 $1 {Last month's move; before then what
was played was a sharp variation, invented by Russian IGM Riazantsev. Many
points were earned here by my pupils Mateusz Bartel and Luka Lenic.} (10... Qd7
11. f3 (11. Rxe4+ dxe4 12. Bxf7+ Ke7 13. Be6 Qd6 14. Qh5 Nd8 15. cxd4 g6 16.
Qh4 Ke8 17. Bf4 Qe7 18. Bb3 h6 19. Qg3 hxg5 20. Bxg5 Qg7 21. Bf4 Bd6 22. Bxd6
cxd6 23. Qxd6 Rc8 24. Nc3 Rc6 25. Qg3 Qc7 26. f4 Rf6 $19 {Fercec,N (2486)
-Lenic,L (2584)/Trieste ITA 2008}) (11. Nxf7 Qxf7 12. Rxe4+ Be7 13. Rf4 Bf6 14.
cxd4 O-O-O 15. Nc3 Rhe8 16. Be3 Na5 17. a4 b4 18. Ne4 Nc4 19. Nxf6 gxf6 20. Qf3
Rd6 21. Bc2 {Fier,A (2581)-Bartel,M (2602)/Beijing CHN 2008; with a slight
white advantage.}) 11... h6 12. Nxf7 (12. fxe4 {looks very dubious:} hxg5 13.
exd5+ Ne7 14. Bxg5 O-O-O 15. Qxd4 f6 16. Bf4 Nxd5 17. Bg3 Qc6 18. Qg4+ Kb8 19.
Re6 Bc5+ 20. Kh1 Qd7 21. Qe2 Rh3 22. Re4 Rxg3 23. hxg3 Nf4 {0-1 Diermair,A 
(2365)-Lenic,L (2569)/Austria AUT 2009}) ({Or the simple knight retreat to a
passive position} 12. Nh3 O-O-O 13. fxe4 dxe4 14. cxd4 Nxd4 15. Nf2 e3 16. Bxe3
Qc6 17. Qg4+ f5 18. Qh3 Bc5 19. Nc3 Kb8 20. Rac1 Rhe8 21. Bxd4 Bxd4 22. Kf1
Bxf2 23. Kxf2 Rd2+ {Shadrina,T (2384)-Pogonina,N (2472)/Moscow RUS 2010 (97);
with a serious black initiative.}) 12... Qxf7 13. fxe4 O-O-O 14. cxd4 (14. Bxd5
Rxd5 15. exd5 Qxd5 16. Qg4+ Kb8 17. cxd4 (17. Re8+ Ka7 18. cxd4 Bc5 19. Rxh8
Nxd4 20. Nc3 Qe5 21. Kf1 Nc2 {Klimov,S (2506)-Sivuk,V (2423)/St Petersburg RUS
2010); Black has dangerous initiative.}) 17... Nxd4 $2 ({Correct was the
developing} 17... Bd6 $1) 18. Re8+ Ka7 19. Nc3 Qc4 20. Be3 {Ali Marandi,C 
(2180)-Huber,M (1985)/Porto Carras GRE 2010; the pin is decisive.}) 14... Na5
15. Nc3 (15. e5 c5 16. Bc2 cxd4 17. Qg4+ Kb8 18. e6 Qc7 19. Bf4 Bd6 20. Bxd6
Rxd6 21. Bf5 Nc6 $6 (21... Re8 {promised Black very good play.}) 22. a4 b4 $6 (
{The correct move was} 22... h5 23. Qg6 d3 24. axb5 Nd4) 23. Nd2 h5 24. Qh3 Ne7
25. Bd3 g5 (25... Rh6 {attacking the e6-pawn}) 26. Nb3 g4 27. Qh4 $16 {
Nikolova,A (2333)-Ozturk,K (2262)/Konya TUR 2011}) 15... Bb4 16. e5 Rhf8 17.
Be3 Nc4 18. Qe2 Nxe3 19. Qxe3 Qf4 20. a3 Qxe3+ (20... Be7 21. Qxf4 Rxf4 22. Ne2
Rf7 (22... Rff8) 23. Rf1 Rdf8 24. Rxf7 Rxf7 25. Rf1 Rxf1+ 26. Kxf1 c5 27. Nf4 {
Movsesian,S (2723)-Georgiev,V (2573; White has just a small edge.}) 21. Rxe3
Be7 22. Rf1 c6 ({It was much more useful to open the position} 22... c5 $1) 23.
Ref3 Rxf3 24. Rxf3 Rf8 25. Rxf8+ Bxf8 26. Ne2 Kd7 27. Bc2 Be7 28. Nf4 c5 29.
Bf5+ Ke8 30. Bg6+ Kd7 31. Bf5+ Ke8 32. Ne6 cxd4 33. Nxg7+ Kf7 34. Ne6 Bc8 35.
Nd8+ {1/2 Videnova,I (2297)-Zawadzka,J (2326)/Porto Carras GRE 2011}) 11. f3 ({
The logical capture on d5 is very dangerous:} 11. Bxd5 Qxf2+ 12. Kh1 O-O-O 13.
Nxe4 Qf5 14. Bxc6 Bxc6 15. Ng3 ({The correct way here is to try to exchange
queens} 15. Qf3 Qxf3 16. gxf3 Re8 17. Rf1 dxc3 18. Nbxc3 b4 19. Ne2 Rxe4 20.
fxe4 Bxe4+ 21. Kg1 Bc5+ 22. Rf2 f6 {Black has 3 pawns for the piece}) 15... Qf2
16. Rg1 dxc3 17. Qg4+ Kb8 18. Nxc3 Bc5 19. Bf4 Qxb2 20. Nge2 Bxg1 21. Rxg1 Rhe8
22. h3 Re6 23. Rb1 Qc2 24. Rc1 Qg6 25. Qxg6 Rxg6 26. Bg3 Rd2 27. Kh2 Kb7 28.
Rf1 Rf6 29. Rb1 Re6 30. Nf4 g5 {0-1 Kislik,E (2357)-Lorand,N (2369)/Budapest
HUN 2010}) 11... h6 ({There is another better-looking option} 11... Bc5 12. Kh1
h6 13. Nxf7 Qxf7 14. Rxe4+ Kd7 15. cxd4 Bd6 16. f4 Na5 17. Qg4+ Kc6 18. Re2
Nxb3 19. axb3 Rae8 20. Nc3 Rxe2 21. Nxe2 Re8 22. Bd2 Qe6 $1 $17 {Burg,T (2455)
-Geenen,M (2300)/Amay BEL 2011}) 12. Nh3 ({The most serious try here is the
typical} 12. Nxf7 Qxf7 13. fxe4 O-O-O 14. Bxd5 Rxd5 15. exd5 Qxd5 {and Black
has the usual compensation for the exchange here.}) ({Not so promising is
another knight move:} 12. Nxe4 dxe4 13. Rxe4+ Ne5 {A disaster is} 14. cxd4 (14.
Bxf7+ Qxf7 (14... Kxf7 15. Rf4) 15. Rxe5+ Be7 16. cxd4 O-O-O 17. Nc3 Bf6 {
with very good play.}) 14... Bxe4 15. dxe5 Qb6+) 12... O-O-O ({Once more it
was probably better to develop the bishop first} 12... Bc5 13. Kh1 O-O-O 14.
fxe4 dxe4 15. Rf1 Qd6 16. cxd4 Nxd4 17. Bxf7 Rhf8) 13. fxe4 dxe4 ({The Polish
champion for some unknown reasons refuses to develop his bishop! He explained
it after the game, as a memory problem!} 13... Bc5) 14. Rf1 ({After} 14. Qg4+
Kb8 15. Qxe4 Bc5 16. Kh1 Rhe8 17. Qxe8 Rxe8 18. Rxe8+ Ka7 19. Bf4 g5 {White is
in deep trouble.}) 14... Qe5 15. Bxf7 ({Of course, a better try was another
capture} 15. Rxf7 Bc5 16. Kh1 g5 $1 {Preventing the development of White's
pieces to f4} 17. a4 dxc3 18. Qg4+ Kb8 19. Nxc3 Nd4 {with a clear black
advantage.}) 15... Bc5 ({It was very good to move the central pawns forward:} 
15... e3 16. Nf4 d3 17. Ng6 Qc5 18. b4 Qb6) 16. Kh1 e3 ({There was another
option which was not bad:} 16... Rhf8 17. Bf4 Qe7 18. Bg6 Qe6 19. Bh5 Ne5 20.
cxd4 Bxd4 21. Bxe5 Rxf1+ 22. Qxf1 Qxe5 23. Bg4+ Kb8 24. Nc3 Bxc3 25. bxc3 e3
26. Rc1 Rd2 27. Be2 Rxa2) 17. Nf4 d3 {A dream come true! But here a few other
ways also exist, such as} (17... Rhf8 18. Ng6 Qe4 19. Nxf8 (19. Be6+ Qxe6 20.
Nxf8 Rxf8) 19... e2) 18. Qe1 ({Black awaited White's knight attack} 18. Ng6 Qg5
(18... e2 19. Nxe5) 19. Nxh8 Ne5 20. Be6+ Kb8 21. Bh3 Qh4 22. Be6 e2 23. Qe1
Nf3 24. gxf3 Qxe1 25. Rxe1 Bxf3#) 18... e2 ({Who likes good prophylactic moves?
} 18... Ne7) 19. Rf3 Ne7 20. Nd2 g5 ({More simple would be} 20... Be3 21. Nc4
bxc4 22. Bxe3 (22. Rxe3 Qxf4) 22... Bxf3) 21. Ne6 ({All tries to return
material back are useless here} 21. Nxd3 Rxd3 22. Rxd3 Bf2 23. Nf3 Bxf3 24. Bf4
Qe4 25. gxf3 Qxd3 26. Qxf2 gxf4 27. Re1 Nd5 28. Qxe2 Qxe2 29. Rxe2 Ne3) 21...
g4 ({Once more Black can do what he wants here - it's just a problem of
choosing which weapon.} 21... Bd6 22. Rh3 Qf5 23. Nxd8 Rxd8 24. Kg1 Bc5+ (24...
Qxh3 25. gxh3 Bc5+ 26. Qf2 e1=Q+)) 22. Nxd8 gxf3 23. Nxf3 Bxf3 0-1

[Event "Kazan FIDE GP (Women) 4th"]
[Site "Kazan"]
[Date "2012.06.11"]
[Round "2"]
[White "Hou, Yifan"]
[Black "Yildiz Kadioglu, Betul Cemre"]
[Result "0-1"]
[WhiteElo "2623"]
[BlackElo "2333"]
[Annotator "Mikhalchishin,A"]
[PlyCount "68"]
[EventDate "2012.06.09"]
[EventType "tourn"]
[EventRounds "11"]
[EventCountry "RUS"]
[EventCategory "11"]
[SourceTitle "CBM 149"]
[Source "ChessBase"]
[SourceDate "2012.07.17"]
[SourceVersion "1"]
[SourceVersionDate "2012.07.17"]
[SourceQuality "1"]

1. e4 e5 2. Nf3 Nc6 3. Bb5 a6 4. Ba4 Nf6 5. O-O Bc5 {This is Malaniuk's move
order!} 6. c3 ({When Hou was still inexperienced she played this line simply
and successfully:} 6. d3 b5 7. Bb3 d6 8. c3 h6 9. h3 O-O 10. Be3 Bxe3 11. fxe3
d5 12. exd5 Nxd5 13. Qe2 Be6 14. Nbd2 Re8 15. Rae1 Nb6 16. Bxe6 Rxe6 17. Ne4
Qd5 18. Nh4 Ne7 19. Qg4 Nd7 20. Rf3 Rf8 21. Ref1 g6 22. R3f2 Qc6 23. Kh1 Qb6
24. Ng3 Nf6 25. Qf3 Nh7 26. d4 Rf6 27. Qe4 Rxf2 28. Rxf2 Qe6 29. dxe5 Ng5 30.
Qf4 Rd8 31. Nf3 Nxf3 32. Rxf3 g5 33. Qe4 Ng6 34. Rf6 Qd5 35. Rxg6+ fxg6 36.
Qxg6+ Kh8 37. Qxh6+ Kg8 38. Qg6+ Kh8 39. Qf6+ Kh7 40. Nf5 {1-0 Hou,Y (2488)
-Kosintseva,T (2479)/Ergun 2006/}) ({Black has to be ready for the old
classical line, which has not appeared in practice for a few years:} 6. Nxe5
Nxe5 7. d4 Nxe4 8. Qe2 Be7 9. Qxe4 Ng6 10. f4 O-O 11. f5 d5 12. Qd3 Nh4 13. g3
c5 14. gxh4 b5) 6... b5 7. Bc2 ({her memories of another move were not rosy
here:} 7. Bb3 d6 8. d4 Bb6 9. a4 Bg4 10. h3 Bh5 11. Bg5 Rb8 (11... Ne7 12. Nbd2
exd4 13. cxd4 c6 14. axb5 axb5 15. Rxa8 Qxa8 16. Qc2 Bg6 17. Bxf6 gxf6 18. Qb1
O-O 19. Bc2 Qa7 {1-0 Hou,Y (2578)-Tania,S (2425)/Beijing 2008/CBM 126 Extra})
12. axb5 axb5 13. Nbd2 exd4 14. Bd5 Ne5 15. cxd4 Nxf3+ 16. Nxf3 Bxf3 17. Bc6+
Kf8 18. gxf3 h6 19. Be3 Nh5 20. f4 g6 21. Qf3 b4 22. Kh1 Kg7 23. Rg1 Kh7 24. f5
Qf6 25. Bd5 Rhf8 26. Qg4 Ng7 27. fxg6+ fxg6 28. f4 Rbe8 29. Qg2 Ne6 30. e5 dxe5
31. dxe5 Qf7 32. Be4 Rg8 33. Bxb6 Nxf4 34. Qg4 Rxe5 35. Bc2 cxb6 36. Rad1 Qb7+
37. Kh2 Re2+ 38. Kg3 Nh5+ 39. Qxh5 Rxc2 40. Qb5 Qc7+ 41. Kg4 Rc4+ 42. Kf3 Qf4+
43. Ke2 Qe4+ 44. Kf2 Rf8+ 45. Kg3 Qf3+ 46. Kh2 Rc2+ {0-1 Hou,Y (2578)
-Stefanova,A (2548)/Beijing 2008/CBM 126 Extra}) 7... d5 8. exd5 ({The main
move here has been tried by Hou Yifan too:} 8. d4 dxe4 9. dxc5 (9. Nxe5 Nxe5
10. dxe5 Qxd1 11. Rxd1 Ng4 12. Bxe4 Nxf2 13. Bc6+ Ke7 14. Rd5 Bb6 15. Bxa8 Nd3+
16. Kf1 Nxc1 17. Na3 Be6 18. Rxc1 Rxa8 19. Rd3 Bf5 {The position with the
forced exchange sacrifice guarantees Black a very comfortable endgame.} 20.
Rdd1 Be3 $5 $146 (20... Bg4) 21. Ra1 Bf4 22. g3 Bxe5 23. Rd2 Rd8 24. Ke1 h5 25.
Nc2 Bxc2 26. Rxc2 h4 $44 {Zhang,Z (2636)-Onischuk,A (2627)/Beijing 79/(314)
2000}) (9. dxe5 exf3 10. Qxd8+ Nxd8 11. exf6 gxf6 12. Re1+ Be7 13. g3 Bb7 14.
Nd2 Ne6 15. Bd1 O-O-O 16. Bxf3 Bxf3 17. Nxf3 Rd5 18. Be3 Rhd8 19. Kf1 Kb7 20.
Rac1 Bc5 21. Bxc5 Nxc5 22. Rc2 Ne6 23. Rce2 a5 24. Rc2 {1/2 Hracek,Z (2593)
-Onischuk,A (2650)/Turin ITA 2006/The Week in Chess 604}) 9... Qxd1 10. Bxd1
exf3 11. Bxf3 e4 12. Be2 Bg4 {We have to say, that the endgames here are very
comfortable for Black.} 13. Bxg4 Nxg4 14. a4 O-O 15. axb5 axb5 16. Rxa8 Rxa8
17. Na3 b4 18. Nb5 Ra5 19. c4 Nge5 20. b3 Nd3 21. Be3 f5 22. g3 Ra2 23. Rb1
Nce5 24. Nxc7 Nf3+ 25. Kg2 Nd2 26. Bxd2 Rxd2 27. Nd5 Rxf2+ 28. Kg1 Rd2 29. c6
Ne5 30. c7 Nf3+ 31. Kf1 Nxh2+ 32. Ke1 Nf3+ {1/2 Hou,Y (2298)-Shen,Y (2411)/
Wuxi 2006}) 8... Qxd5 9. d4 ({The following flank activity now looks a bit
unusual} 9. a4 b4 10. d4 exd4 11. Bb3 Qh5 $1 $146 (11... Qd8) 12. cxd4 Be7 (
12... Bd6 $5) 13. Ne5 Qxd1 (13... Nxe5 14. Qxh5 Nxh5 15. dxe5 f6 16. Bd5 (16.
Bd1 g6 17. Re1) 16... Rb8 17. Bf3 g6 18. Bxh5 gxh5 19. Bf4 $13) 14. Rxd1 Nxe5
15. dxe5 Ng4 $13 {Dominguez,L (2661)-Onischuk,A (2652)/Poikovsky 2005} (15...
Ng4 16. Bd5 Rb8 17. Bf4 g5 18. Bg3 h5 19. h3 h4 $13)) 9... exd4 10. Bg5 $6 {
Wrong novelty, but there are no prizes for normal moves here:} (10. Re1+ Be7
11. cxd4 ({Better was} 11. Bb3 {was better:} Qd8 12. Nxd4 Nxd4 13. Qxd4 O-O 14.
Qxd8 Bxd8 15. Bf4 Bb7 16. Nd2 Nd5 {Zelcic,R (2545)-Saric,I (2575)/Zadar 2009;
with equal play.}) 11... Bg4 12. Nc3 Qh5 13. d5 Bxf3 14. Qxf3 Qxf3 15. gxf3 Nd4
16. Bd1 b4 17. Be3 Nf5 18. Ba4+ Kf8 19. Bc6 Rd8 {Fernandez,D (2299)-Malaniuk,V
(2582)/Parramatta 2010; with better play.}) 10... Bg4 $6 ({A clear advantage
promised here} 10... Be6 {promised a clear advantage here:} 11. a4 b4 12. Qe2
dxc3 13. Bxf6 gxf6 14. bxc3 Rd8 15. Be4 Qd6 16. Qxa6 Nd4) 11. Bxf6 $6 (11. Re1+
{promised some advantage:} Kf8 12. Bxf6 gxf6 13. Be4 Qd6 14. Qc1 f5 15. cxd4
fxe4 16. dxc5 Qg6 17. Nh4 Qf6) 11... Bxf3 12. Re1+ Kf8 $2 ({It was correct for
the king to stay in the centre, despite the fact that it will be necessary to
start a long jorney:} 12... Kd7 $1 13. Qxf3 Qxf3 14. gxf3 gxf6 15. Bf5+ Kd6 16.
Nd2 dxc3 17. Ne4+ Ke5 18. Ng3+ Kf4 19. Re4+ Kg5 20. Rg4+ Kh6 21. Be4 Ne7 22.
Bxa8 cxb2 $11) 13. Bb3 Qe4 $3 (13... Qd6 {was very bad:} 14. Qxf3 gxf6 (14...
Qxf6 15. Qxf6 gxf6 16. Bd5 $18) 15. Qh5 $18) 14. Bxg7+ $2 ({The World Champion
was so shocked with Betul's last move, that she did not worry about having a
slightly better endgame:} 14. Rxe4 Bxd1 15. Bxd4 Nxd4 16. Bxd1 Ne6 17. Nd2)
14... Kxg7 15. gxf3 $2 ({Now the better choice was a slightly worse endgame:} 
15. Rxe4 Bxd1 16. Bxd1 Rhe8 17. Nd2 f5 18. Rxe8 Rxe8) 15... Qf5 16. Nd2 dxc3
17. bxc3 Rad8 ({It was better to create a safe haven on h8 for the king} 17...
Rhd8) 18. Kh1 Qf4 {There were two other ways to win here:} (18... Bxf2 19. Re2
Bb6) (18... Bd6 19. Qe2 Bxh2 20. Kxh2 Qf4+ 21. Kg2 Rxd2) 19. Re4 {White's
chance is just to try to bluff here.} Qxd2 20. Qg1+ Kf8 21. Qg4 Qd6 $4 {
It happened! The winning line isn't easy:} (21... Bxf2 $1 22. Bxf7 Qxc3 $1 (
22... Ne5 23. Rxe5 Qxc3 24. Rae1 $1 Bxe1 25. Qf5 $11) 23. Rg1 $1 Qf6 $1 24. Rf4
Ne5 $1 $19) 22. Qh5 $6 ({Now the correct winning attack was} 22. Qf5 Rd7 23.
Re6) 22... Rd7 23. Rae1 $2 (23. Rd1 {was still promising:} Qxd1+ 24. Bxd1 Rxd1+
25. Kg2 Rg8+ 26. Kh3 Rd6 27. Qxc5) 23... Bxf2 24. Rd1 $2 ({White had to fight
for a draw with} 24. Re8+ Kg7 25. Rxh8 Qg6 26. Qxg6+ hxg6 27. Ree8 a5 28. Rhg8+
) 24... Qg6 25. Qxg6 Rxd1+ 26. Bxd1 hxg6 27. Bb3 Bc5 28. Kg2 Bd6 29. h3 Rh5 30.
a4 Re5 31. Rh4 Re2+ 32. Kf1 Re3 33. axb5 axb5 34. Bd5 Ne7 0-1

[Event "Wch U20 56th"]
[Site "Tarvisio"]
[Date "2017.11.17"]
[Round "5"]
[White "Sunilduth Lyna, Narayanan"]
[Black "Praggnanandhaa, Rameshbabu"]
[Result "0-1"]
[WhiteElo "2585"]
[BlackElo "2509"]
[Annotator "Mikhalchishin,A"]
[PlyCount "104"]
[EventDate "2017.11.13"]
[EventType "swiss"]
[EventRounds "11"]
[EventCountry "ITA"]
[SourceTitle "CBM 182"]
[Source "ChessBase"]
[SourceDate "2018.01.17"]
[SourceVersion "1"]
[SourceVersionDate "2018.01.17"]
[SourceQuality "1"]

1. e4 e5 2. Nf3 Nc6 3. Bb5 a6 4. Ba4 Nf6 5. O-O b5 6. Bb3 Bb7 7. Re1 Bc5 8. c3
d6 9. d4 Bb6 10. a4 O-O ({Specialists of the Arkhangelsk variation prefer here
to avoid this pin with} 10... h6) 11. Bg5 h6 12. Bh4 g5 ({Here it is possible
to start pressure in the centre} 12... exd4 13. cxd4 Re8 (13... g5 14. Bg3 Re8
15. axb5 axb5 16. Rxa8 Bxa8 17. d5 Ne7 18. Na3 Ng6 19. Bc2 Qd7 20. Bd3 Qg4 $5 (
20... c6 {would be the normal move, but Tkachiev is looking for more
complexity.}) 21. Nxb5 h5 {Van der Wiel,J (2544)-Tkachiev,V (2648) Cannes 1999,
play is very complicated.}) 14. axb5 axb5 15. Rxa8 Bxa8 16. d5 (16. Nc3 g5 17.
Bg3 Na5 18. d5 b4 19. Ba4 Re7 20. Na2 Nxe4 21. Nxb4 f5 22. Bc2 Qe8 23. Nd4 f4
24. Nf5 Re5 25. Nxh6+ Kg7 26. Ng4 Nxf2 {0-1 (26) Enklaar,B (2445)-Planinec,A 
(2525) Amsterdam 1973}) (16. Qd3 Na5 17. Bxf6 Qxf6 18. Bc2 Nc6 19. Qxb5 Bxd4 {
1/2-1/2 Byrne,R-Bisguier,A/Oberlin 1975/MCD (19)}) 16... Ne5 17. Nxe5 dxe5 18.
Qe2 g5 19. Bg3 c6 20. dxc6 Bxc6 21. Nd2 Qd4 {with a great position, Tukmakov,
V-Kupreichik,V Soviet Union 1974}) ({A less dynamic way is possible too:} 12...
Na5 13. Bc2 Qe7 14. Nbd2 c5 15. d5 c4 16. Qe2 Rfb8 17. Nf1 Bc8 18. Ne3 g6 19.
h3 Kg7 20. Nh2 Qe8 21. Ra2 Bd7 22. Nhg4 Bd8 {Van der Wiel,J (2544)-Tkachiev,V 
(2648) Cannes 1999, with equality.}) 13. Nxg5 {The most principled decision,
There is the much more timid but solid retreat} (13. Bg3 Re8 (13... Nh5 14. Bc2
Na5 15. b4 Nc4 16. Nxe5 dxe5 17. Qxh5 exd4 18. Qxh6 Re8 19. cxd4 Re6 20. Qh5
Bxd4 21. Ra2 {Janetschek,K (2325)-Beliavsky,A (2590) Vienna 1980, Black has
small compensation for the pawn.}) 14. h4 Na5 15. hxg5 Nxb3 16. gxf6 $5 Nxa1
17. Bh4 $1 $44 exd4 18. Qd2 {[%cal Gd2h6]} Kh7 (18... Rxe4 19. Qxh6 Rxe1+ 20.
Nxe1 Qf8 21. Qg5+ Kh7 22. Qf5+ Kh8 $11) 19. Ng5+ $1 Kg8 20. Nf3 Kh7 21. Ng5+
Kg8 22. Ne6 Rxe6 23. Qxh6 Qf8 24. Qg5+ {Draw.}) 13... hxg5 14. Bxg5 exd4 15.
cxd4 ({Another way of attack is} 15. Bd5 d3 (15... dxc3 16. Nxc3 b4 17. Bxc6 $6
({A much stronger move was} 17. Qf3 Kg7 18. Ne2) 17... Bxc6 18. Nd5 Bxd5 19.
exd5 Kg7 20. a5 Bc5 21. Qf3 Rh8 22. Rac1 Rh5 23. h4 Rxg5 24. hxg5 Nh7 25. Rc4
Nxg5 26. Rg4 {Perez Ponsa,F (2577)-Gulamali,K (2379) Caleta ENG 2016, with an
unclear position.}) (15... Rb8 $2 16. Bxc6 (16. axb5 $145 $1 axb5 17. cxd4 Nxd4
$140 18. Bxb7 Rxb7 19. Ra3 $18) 16... Bxc6 17. cxd4 Re8 18. d5 Re5 19. Bh4 Bd7
20. Qf3 Bf5 21. Nc3 Qe7 22. Bxf6 Qxf6 23. exf5 Rxf5 {Sevian,S (2393)-Kavutskiy,
K (2272) Saint Louis 2013, with good counterplay.}) 16. Qf3 Kg7 17. Nd2 Rb8 (
17... Ne5 $145 $1 $13) 18. e5 Nxe5 19. Rxe5 dxe5 20. Bxb7 {Perez Ponsa,F (2540)
-Krysa,L (2474) Asuncion 2015, Black is in trouble.}) (15. Qf3 Kg7 16. e5 $2
Nxe5 $3 17. Qxb7 dxc3 18. axb5 $6 Ra7 $1 (18... Bxf2+) 19. Qd5 Nxd5 20. Bxd8 c2
$3 $19 {Diaz,J-Rodrigue Cienfuegos 36/404 1983 [Rodriguez,Am]}) 15... Nxd4 16.
Bd5 Ne6 17. Bh4 c6 (17... Bxd5 $145 18. exd5 Ng7 19. Qf3 Re8 20. Nc3 Rxe1+ 21.
Rxe1 Bd4 $11) 18. Ra3 ({The most unpleasant for Black would be} 18. Qf3 $1 Nd4
(18... Bd4 $2 19. e5 Nxd5 20. Qg4+ Ng7 21. Bxd8 dxe5 22. Bg5 f5 23. Qe2 {
Perez Ponsa,F (2540)-Krysa,L (2474) Asuncion 2015, Black does not have
sufficient compensation for the queen,}) 19. Qg3+ Kh7 20. Ra3 Rg8 21. Qh3 Bc8
22. Bxf6+ Bxh3 23. Rxh3+ Kg6 24. Bxd8 Raxd8 25. Ba2 Rge8 $14) 18... cxd5 19.
Rg3+ Ng7 20. e5 $2 ({It was necessary to fix the draw here:} 20. Qf3 Bd4 21. e5
Ne4 22. Rxg7+ (22. Bxd8 $2 Nxg3 23. Bf6 N3f5 24. Bxg7 Nxg7 25. exd6 Rfe8 $17)
22... Kxg7 23. Rxe4 dxe4 24. Bf6+ Qxf6 25. Qxf6+ Kg8 26. Qg5+ Kh7 27. Qh5+ $11)
20... Bxf2+ $1 21. Kxf2 Qb6+ 22. Kf1 dxe5 23. Qf3 Ne4 ({A simpler way was} 
23... Nh7 24. Qg4 Qh6) 24. Rxe4 dxe4 25. Qf6 Qxf6+ 26. Bxf6 Rfc8 27. Rxg7+ Kf8
28. Rh7 Ke8 29. Ke2 (29. Nc3 b4 30. Ne2 Rc5 $19) 29... Rc6 30. Bxe5 Rd8 (30...
Rc2+ 31. Nd2 bxa4 $19) 31. Nc3 b4 32. Nxe4 Rc2+ 33. Ke3 Bxe4 34. Kxe4 Re2+ 35.
Kf4 Rxg2 36. Rh8+ Kd7 37. Rh6 {The realisation of his advantage is quite
simple, but it takes some time. The Indian star is very precise with the said
realisation.} Rg6 38. Rh3 Rdg8 39. Rd3+ Ke6 40. h3 f6 41. Bc7 Rc8 42. Bb6 Rc6
43. a5 Rc4+ 44. Kf3 Rg8 45. Rd2 Rh4 46. Rh2 Kf5 47. Bc7 Rc4 48. Bb6 b3 49. Rh1
Rf4+ 50. Ke3 Rg3+ 51. Kd2 Rff3 52. h4 Rh3 0-1